| 000 | 00917nas a2200313 4500 | ||
|---|---|---|---|
| 001 | BR0103210 | ||
| 003 | BR-BrBNA | ||
| 005 | 20231205102333.0 | ||
| 007 | ta | ||
| 008 | 230509b bl.|||p| |||| 00| 00por d | ||
| 040 |
_aBR-BrBNA _bpor _cBiblioteca Nacional de Agricultura |
||
| 041 | _a(Pt) | ||
| 072 | _aB50; Q02 | ||
| 100 | 1 | _aFigueira, S.R. | |
| 100 | 1 | _aBelik, W. | |
| 245 | 1 | _aTransformacao no elo industrial da cadeia produtiva do leite | |
| 650 | _aLeite | ||
| 650 | _aProducao Leiteira | ||
| 650 | _aProcessamento | ||
| 650 | _aLaticinio | ||
| 650 | _aPreco | ||
| 650 | _aComercio | ||
| 650 | _aCooperativa de Produtores | ||
| 650 | _aHistoria | ||
| 650 | _aCadeia Alimentar | ||
| 773 | 0 |
_tCadernos de Debate do Nucleo de Estudos e Pesquisas em Alimentacao (Brazil) _xISSN 1413-4136 _g(1999), v. 7 p. 31-44 _wBR0103210 |
|
| 909 |
_a202311 _bLúcia _c55 _dLúcia Elande |
||
| 942 |
_2AGRIS _n0 _cANA |
||
| 999 |
_c167050 _d167050 |
||